Environmental change and international law (Record no. 62727)

MARC details
000 -LEADER
fixed length control field 00946nam a2200193 a 4500
008 - FIXED-LENGTH DATA ELEMENTS--GENERAL INFORMATION
fixed length control field 120416s1992 ||||||||||||||||| || u
020 ## - INTERNATIONAL STANDARD BOOK NUMBER
International Standard Book Number 928080815X
050 ## - LIBRARY OF CONGRESS CALL NUMBER
Classification number K 302 Env
100 ## - MAIN ENTRY--PERSONAL NAME
Personal name Weiss, Edith Brown
245 10 - TITLE STATEMENT
Title Environmental change and international law
Statement of responsibility, etc. edited by Edith Weiss Brown
246 ## -
-- new challenges and dimensions
260 ## - PUBLICATION, DISTRIBUTION, ETC.
Place of publication, distribution, etc. Tokyo
Name of publisher, distributor, etc. The University Press
Date of publication, distribution, etc. 1992
350 ## -
-- 0.00
650 ## - SUBJECT ADDED ENTRY--TOPICAL TERM
Topical term or geographic name entry element ENVIRONMENTAL CHANGE
650 ## - SUBJECT ADDED ENTRY--TOPICAL TERM
Topical term or geographic name entry element ENVIRONMENT
995 ## -
-- ANNEX COLLECTION (Main Library)
-- 0.00
-- 733424
-- CBU-MAIN LIBRARY (Kitwe)
-- 1
-- 28.95
-- K 302 Env
-- 3
-- AVAILABLE
-- 45364
-- Annex Low-Usage Collection
995 ## -
-- ANNEX COLLECTION (Main Library)
-- 0.00
-- 731427
-- CBU-MAIN LIBRARY (Kitwe)
-- 2
-- 35.00
-- K 302 Env
-- 2
-- AVAILABLE
-- 028659
-- Annex Low-Usage Collection
995 ## -
-- MAIN LIBRARY OPEN ACCESS
-- 0.00
-- 731428
-- CBU-MAIN LIBRARY (Kitwe)
-- 1
-- 35.00
-- K 302 Env
-- 1
-- AVAILABLE
-- 028660
-- Main Library Open Access Collection
999 ## -
-- 62727
-- 62727
Holdings
Withdrawn status Lost status Source of classification or shelving scheme Damaged status Not for loan Permanent Location Current Location Shelving location Date acquired Total Checkouts Full call number Barcode Date last seen Price effective from Koha item type
          CBU-MAIN LIBRARY, KITWE. CBU-MAIN LIBRARY, KITWE.   12/16/2022   K 302 Env 45364 12/16/2022 12/16/2022 MONOGRAPH
          CBU-MAIN LIBRARY, KITWE. CBU-MAIN LIBRARY, KITWE.   12/16/2022   K 302 Env 028659 12/16/2022 12/16/2022 MONOGRAPH
          CBU-MAIN LIBRARY, KITWE. CBU-MAIN LIBRARY, KITWE.   12/16/2022   K 302 Env 028660 12/16/2022 12/16/2022 MONOGRAPH